| 000 | 00638nam a2200229 a 4500 | ||
|---|---|---|---|
| 005 | 20240911064130.0 | ||
| 008 | 991125s1962 mx 000 0 spa u | ||
| 035 | _aUPN01000006644 | ||
| 049 | _aCG | ||
| 050 | 4 |
_aHB501 _bJ6.28 |
|
| 100 | 1 | _aJostock, Paul | |
| 245 | 1 | 0 |
_aCapitalismo / _cPaul Jostock ; tr. Salvador EchavarrÃa. |
| 260 |
_aMéxico : _bJus, _c1962. |
||
| 300 | _a116 p. | ||
| 440 | 0 |
_aPanorama ; _v7 |
|
| 501 | _aCon: Individualismo / Oswald von Nell-Breuning | ||
| 650 | 4 |
_aCapitalismo _96436 |
|
| 650 | 4 |
_aIndividualismo _915239 |
|
| 700 | 1 | _aNell-Breuning, Oswald von | |
| 740 | 0 | _aIndividualismo | |
| 905 | _aLibro | ||
| 999 |
_c6644 _d6644 |
||